000 00390nam a22001457a 4500
005 20170731153438.0
008 170731b xxu||||| |||| 00| 0 eng d
040 _cPK-LaUMT
082 _aZIAC 297.01
_bBOE-H
100 _aBoer , T.J. DE
245 _aThe history of philosophy in Islam/
_c T.J. DE Boer
260 _aNew York:
_bDover publications,
_c1967
300 _a216 p.
942 _cBK
999 _c96022
_d96022